15 most corrupt countries - Statistics

General Stats
  • This quiz has been taken 38 times
  • The average score is 8 of 15
Answer Stats
Score Country % Correct
8 Korea DPR
78%
16 Iraq
76%
8 Somalia
76%
18 Syria
73%
11 Afghanistan
68%
12 Sudan
57%
16 Libya
54%
15 South Sudan
51%
17 Venezuela
51%
18 Yemen
49%
18 Eritrea
41%
15 Angola
32%
18 Turkmenistan
30%
17 Haiti
22%
17 Guinea-Bissau
14%
No matching quizzes found
Score Distribution
Percent of People with Each Score
Percentile by Number Answered
Your Score History
You have not taken this quiz